Annals de la 1ra. Universitat d'Estiu Andorra 82 : El segle XIII = El siglo XIII = Le XIIIème. siècle El segle XIII = El siglo XIII = Le XIIIème. siècle
Descripción Física:
239 p. ; 24 cm
MARC
| LEADER | 00000nam a2200000Ia 4500 | ||
|---|---|---|---|
| 001 | 1374 | ||
| 003 | BGR | ||
| 005 | 20260324175418.0 | ||
| 008 | 160829s1983 xx 000 0 cat d | ||
| 080 | |a H-1-74 | ||
| 100 | |a Universitat d'Estiu Andorrra (1a : Andorra : 1982) |9 32479 | ||
| 245 | |a Annals de la 1ra. Universitat d'Estiu Andorra 82 : |b El segle XIII = El siglo XIII = Le XIIIème. siècle | ||
| 260 | |a Andorra : |b Conselleria d'Educació i Cultura, |c 1983 | ||
| 300 | |a 239 p. ; |c 24 cm | ||
| 650 | |a Història medieval |x S. XIII |9 32480 | ||
| 650 | |a Edat mitjana |9 32483 | ||
| 710 | 1 | |9 70319 |a Andorra |b Conselleria d'Educació i Cultura | |
| 901 | |a Arxiu | ||
| 942 | |n 1 |2 udc |c MON | ||
| 952 | |0 0 |1 0 |4 0 |6 H174 |7 1 |9 46000 |a Arxiu |b Arxiu |d 2016-12-01 |l 0 |o H-1-74 |p 1374 |r 2016-12-01 00:00:00 |w 2016-12-01 |y ARXIU | ||
| 999 | |c 49501 |d 49501 | ||